[Event "Syre Memorial op 29th"]
[Site "Issy les Moulineaux"]
[Date "2006.05.25"]
[Round "2"]
[White "Labat, Christian"]
[Black "Imbert, Christophe"]
[Result "0-1"]
[WhiteElo "1969"]
[BlackElo "2162"]
[PlyCount "58"]
[EventDate "2006.05.25"]
[EventType "swiss"]
[EventRounds "6"]
[EventCountry "FRA"]
[SourceTitle "EXT 2007"]
[Source "ChessBase"]
[SourceDate "2006.11.23"]
[SourceVersion "1"]
[SourceVersionDate "2006.11.23"]
[SourceQuality "1"]

1. d4 Nf6 2. c4 g6 3. Nc3 Bg7 4. e4 d6 5. Nf3 0-0 6. Be2 e5 7. 0-0 Nc6 8. Bg5 h6 9. Bh4 g5 10. Bg3 g4 11. Nh4 Nxd4 12. b4 a5 13. b5 Be6 14. Bd3 Nd7 15. Nf5 Bxf5 16. exf5 h5 17. f4 exf4 18. Bxf4 Nc5 19. Nd5 c6 20. f6 Bxf6 21. Bxd6 cxd5 22. Bxc5 dxc4 23. Bxc4 Rc8 24. Bxf8 Rxc4 25. Bh6 Rc2 26. Be3 Qd5 27. Rf2 Qe4 28. Bd2 Bh4 29. g3 Nf3+ 0-1

[Event "Syre Memorial op 28th"]
[Site "Issy les Moulineaux"]
[Date "2005.05.05"]
[Round "2"]
[White "Aurel, Luc"]
[Black "Labat, Christian"]
[Result "1-0"]
[WhiteElo "2222"]
[BlackElo "2020"]
[PlyCount "64"]
[EventDate "2005.05.05"]
[EventType "swiss"]
[EventRounds "6"]
[EventCountry "FRA"]
[SourceTitle "EXT 2007"]
[Source "ChessBase"]
[SourceDate "2006.11.23"]
[SourceVersion "1"]
[SourceVersionDate "2006.11.23"]
[SourceQuality "1"]

1. e4 c5 2. d3 Nc6 3. g3 d6 4. Bg2 g6 5. f4 Bg7 6. Nf3 Qb6 7. Nbd2 h5 8. h3 Bd7 9. Nc4 Qc7 10. a4 a6 11. a5 Be6 12. Nfd2 Rb8 13. c3 Nf6 14. 0-0 Rd8 15. Qa4 Kf8 16. Nb6 h4 17. g4 Nxg4 18. hxg4 h3 19. Bf3 Nd4 20. cxd4 Bxd4+ 21. Kh1 d5 22. Nxd5 Bxd5 23. exd5 Qxf4 24. Ne4 Qb8 25. d6 Rxd6 26. Bf4 e5 27. Bh2 b5 28. Qc2 Rc6 29. g5 Rc7 30. Rac1 Qc8 31. Qe2 Qe6 32. Bg4 Qa2 1-0

[Event "Saint Quentin op 5th"]
[Site "Saint Quentin"]
[Date "2002.??.??"]
[Round "1"]
[White "Labat, Christian"]
[Black "Dubos, Jean Luc"]
[Result "1-0"]
[WhiteElo "1870"]
[BlackElo "1300"]
[PlyCount "35"]
[EventDate "2002.04.21"]
[EventType "swiss"]
[EventRounds "9"]
[EventCountry "FRA"]
[SourceTitle "CBM 088 Extra"]
[Source "ChessBase"]
[SourceDate "2002.07.01"]
[SourceVersion "2"]
[SourceVersionDate "2002.07.01"]
[SourceQuality "1"]

1. e4 c5 2. b4 cxb4 3. a3 bxa3 4. Bxa3 Nf6 5. e5 Nd5 6. Nf3 Nc6 7. c4 Nb6 8. d4 d6 9. Nc3 e6 10. Be2 Be7 11. exd6 Bxd6 12. c5 Be7 13. cxb6 Bxa3 14. Rxa3 Qxb6 15. 0-0 0-0 16. Bd3 Nxd4 17. Nxd4 Qxd4 18. Bxh7+ 1-0

[Event "Saint Quentin op 5th"]
[Site "Saint Quentin"]
[Date "2002.??.??"]
[Round "9"]
[White "Labat, Christian"]
[Black "Guyot, Emmanuel"]
[Result "0-1"]
[WhiteElo "1870"]
[BlackElo "2040"]
[PlyCount "110"]
[EventDate "2002.04.21"]
[EventType "swiss"]
[EventRounds "9"]
[EventCountry "FRA"]
[SourceTitle "CBM 088 Extra"]
[Source "ChessBase"]
[SourceDate "2002.07.01"]
[SourceVersion "2"]
[SourceVersionDate "2002.07.01"]
[SourceQuality "1"]

1. e4 d6 2. d4 Nf6 3. Nc3 Nbd7 4. Bc4 e5 5. Nf3 Be7 6. 0-0 c6 7. Bg5 0-0 8. Bb3 h6 9. Bh4 Qc7 10. a4 a5 11. h3 Re8 12. Re1 Nf8 13. Bg3 Ng6 14. Qd2 Nh5 15. Rad1 Nxg3 16. fxg3 Bf8 17. Rf1 exd4 18. Nxd4 Ne5 19. Qf4 Be6 20. Kh2 Bxb3 21. Nxb3 Re6 22. Nd4 Rf6 23. Nf5 Kh7 24. Qd2 Re8 25. b3 Qb6 26. g4 g6 27. g5 hxg5 28. Qxg5 Rfe6 29. Qh4+ Kg8 30. Nd4 R6e7 31. Nf3 Nxf3+ 32. Rxf3 Bg7 33. Kh1 Qb4 34. Na2 Qxe4 35. Qf2 Qe2 36. Qxe2 Rxe2 37. Rc1 Rd2 38. b4 axb4 39. Nxb4 Ree2 40. Rg3 c5 41. Nd3 Rxc2 42. Rb1 c4 43. Nf4 Red2 44. Rxb7 Be5 45. Rg4 Rd1+ 46. Kh2 Rf1 47. Kg3 Rc3+ 48. Kh4 Rxf4 49. Kg5 Rxg4+ 50. hxg4 Kg7 51. Rc7 Bg3 52. a5 Rd3 53. Rxf7+ Kxf7 54. Kh6 Bf4+ 55. g5 Rd1 0-1

[Event "Saint Quentin op 5th"]
[Site "Saint Quentin"]
[Date "2002.??.??"]
[Round "3"]
[White "Nanu, Ciprian Costica"]
[Black "Labat, Christian"]
[Result "1-0"]
[WhiteElo "2440"]
[BlackElo "1870"]
[PlyCount "31"]
[EventDate "2002.04.21"]
[EventType "swiss"]
[EventRounds "9"]
[EventCountry "FRA"]
[SourceTitle "CBM 088 Extra"]
[Source "ChessBase"]
[SourceDate "2002.07.01"]
[SourceVersion "2"]
[SourceVersionDate "2002.07.01"]
[SourceQuality "1"]

1. e4 e5 2. Nf3 f5 3. Nxe5 Qf6 4. d4 d6 5. Nc4 fxe4 6. Ne3 Nc6 7. c3 Nge7 8. Bc4 Rb8 9. Nd2 b5 10. Nxe4 Qh4 11. Bd3 Be6 12. d5 Nxd5 13. Nxd5 Bxd5 14. Bg5 Bb3 15. axb3 Qxe4+ 16. Bxe4 1-0